Open Data Biblioteca Nacional de Portugal


República Portuguesa: Ministério da Cultura
Biblioteca Nacional de Portugal

Catálogo da BNP: acesso por Identificadores Unívocos
Registos Bibliográficos associados ao registo de autoridade

Etiqueta de registo: 00254nam 2200025 450
001 2281113
003 http://id.bnportugal.gov.pt/bib/catbnp/2281113
100 ## $a20260317d2025 k y0pory01030103ba
101 0# $aeng$dpor
102 ## $aPT
105 ## $aa m 000yy
106 ## $ar
200 1# $aAssessment and optimisation of uncertainty in identifying the origin of oil spills in the marine environment$fAna Catarina Carvalho da Rocha$gorient. Ricardo Jorge Neves Bettencourt da Silva, Carla Maria Ferreira Mesquita Palma
210 #9 $aLisboa$c[s.n.],$d2025
215 ## $aLX, 393 p.$cil.$d30 cm$ecurrículum vitâe (p. 4)
328 #1 $aTese dout. Química (Química Analítica), Faculdade de Ciências da Universidade de Lisboa, 2025
675 ## $a543(043)$vBN$zpor$3343067
675 ## $a665.61(26)(043)$vBN$zpor$31994753
700 #1 $aRocha,$bAna Catarina Carvalho da,$f1982-$31991952
702 #1 $aSilva,$bRicardo Jorge Neves Bettencourt da,$f1971-$4727$31228468
702 #1 $aPalma,$bCarla Maria Ferreira Mesquita$4727$385514
801 #0 $aPT$bBN$gRPC
966 ## $lBN$mFGMON$sS.A. 193464 V.$x1
971 ## $cabrito$d20260317
973 ## $cmlsousa$d20260406

OpendataBNP@bnportugal.pt | Mais informação sobre acesso aos dados BNP